LEADER 01963nam a2200409 a 4500 001 000000057314 003 CaOOAMICUS 005 20110930120337.0 008 010507c1989 it u000 u ita r 020 $a8838235902 035 $a10887499 040 $aPUL(R)$bita 041 0 $aita$afre$aeng$ager 245 10$aPaolo VI e i problemi ecclesiologici al Concilio :$bcolloquio internazionale di studio : Brescia 19-20-21 settembre 1989. 260 $aBrescia :$bIstituto Paolo VI ;$aRoma :$bStudium,$c1989. 300 $axv, 719 p. ;$c28 cm 490 1 $aPubblicazioni dell'Istituto Paolo VI ;$v7 500 $a"Terzo Colloquio internazionale di studio" (p. v). 500 $aComprende indici. 504 $aBibliografia in nota. 610 24$aPapi (1963-1978 : Paulus PP. VI).$0(OLS)http://pul/subject/10628 611 24$aConcilium Vaticanum$n(2 :$d1962-1965).$0(OLS)http://pul/subject/71 710 2 $aIstituto Paolo VI.$0(OLS)http://pul/name/6067 830 0$aPubblicazioni dell'Istituto Paolo VI ;$v7.$0(OLS)http://pul/title/1656 850 $aPUL 852 $aPUL$W1$xSL Religione 1$y3$m62 C 53$j74999$nBK-PRI$b $qStampati$B74999$CPULBib$Z2$F74999 $H $81 852 $aPUL$W1$xDP1 Fondo Maccarrone$y58$m1508 E 18$j146158$a2. copia$qFondi$B144839$CPULBib$Z2$F144839 $H02391 $82 941 1 $a8 941 1 $a1 960 $aPaulus PP.$bVI,$cs.,$d1897-1978$910628 960 $aPaulus PP.$bVI,$cs.,$d1897-1978$910628 960 $aConcilio Vaticano II (1962-1965)$971 961 $aINV: 62368 996 $6020$a8838235902$9(OLS)http://pul/number/72405 996 $6245$aPaolo VI e i problemi ecclesiologici al Concilio :$bcolloquio internazionale di studio : Brescia 19-20-21 settembre 1989$9(OLS)http://pul/title/76731 996 $6260$aBrescia :$bIstituto Paolo VI$9(OLS)http://pul/publisher/50785 996 $6260$aRoma :$bStudium$9(OLS)http://pul/publisher/47892 LEADER 01652nam a2200325 a 4500 001 000000121252 003 CaOOAMICUS 005 20100416131824.0 008 100416t2009 is u000 u fre r 020 $a978-88-6240-085-5 040 $aPUL$bita$dReb 082 04$a270.1 100 1 $aManns, Frédéric,$cO.F.M.,$d1942-$0(OLS)http://pul/name/2962 245 10$aJérusalem, Antioche, Rome :$bjalons pour une théologie de l'Église de la circoncision /$cFrédéric Manns, ofm. 260 $aJerusalem :$bFranciscan Printing Press,$c©2009$aMilano :$bEdizioni Terra Santa 300 $a441 p. ;$c24 cm 490 1 $aAnalecta$aStudium Biblicum Franciscanum ;$v73 504 $aInclude riferimenti bibliografici ed indice. 630 04$aBiblia$xIndirizzi, saggi, letture.$0(OLS)http://pul/subject/5014 650 4$aCristianesimo$xOrigini.$0(OLS)http://pul/subject/11957 651 4$aGerusalemme$xAntichità.$0(OLS)http://pul/subject/23254 830 0$aAnalecta$pStudium Biblicum Franciscanum ;$v73.$0(OLS)http://pul/title/4069 850 $aPUL 852 $aPUL$W1$xSL Religione 3$y85$m270. 1 MANFR 1$j139032$qDDC 21$B138270$CPULBib$Z2$F138270 $H112016 $82 941 1 $a9 996 $6020$a978-88-6240-085-5$9(OLS)http://pul/number/143887 996 $6082$a270.1$9(OLS)http://pul/classification/305 996 $6245$aJérusalem, Antioche, Rome :$bjalons pour une théologie de l'Église de la circoncision$9(OLS)http://pul/title/152511 996 $6260$aJerusalem :$bFranciscan Printing Press$9(OLS)http://pul/publisher/47907 996 $6260$aMilano :$bEdizioni Terra Santa$9(OLS)http://pul/publisher/80368